000
00208 a2200097 4500
001
1462
100
_a
Alexander
245
_a
Manufacturing propertiesof materials
260
_a
_b
Van Co
_c
090
_c
1005
_d
1005
942
_a
NUST-CAE
_c
M
_c
59
999
_c
236535
_d
236535